|
|
|
|
| LEADER |
00000nam0a2200000 4500 |
| 001 |
671227 |
| 005 |
20240621161440.0 |
| 010 |
|
|
|a 978-5-17-091633-7
|
| 090 |
|
|
|a 671227
|
| 100 |
|
|
|a 20240305d2016 d||y0rusy50 ca
|
| 101 |
0 |
|
|a rus
|
| 102 |
|
|
|a RU
|
| 105 |
|
|
|a y z 000ay
|
| 181 |
|
0 |
|a i
|b e
|
| 182 |
|
0 |
|a n
|
| 183 |
|
0 |
|a nc
|2 RDAcarrier
|
| 200 |
1 |
|
|a Ночевала тучка золотая
|e повесть
|f Анатолий Приставкин
|g художник Ю. Николаев
|
| 203 |
|
|
|a Текст
|b визуальный
|c непосредственный
|
| 210 |
|
|
|a Москва
|c АСТ
|d 2016
|
| 215 |
|
|
|a 287 с.
|
| 225 |
1 |
|
|a Школьное чтение
|
| 283 |
|
|
|a volume
|2 RDAcarrier
|
| 330 |
|
|
|a Повесть "Ночевала тучка золотая" читают в школе, хотя она открывает те стороны жизни, которые от детей обычно скрывают. Детдом Анатолия Приставкина отнюдь не благостное заведение, какими сейчас представляют военные детские дома. Национальная ненависть, оказывается, тоже родилась не вчера, во время чеченской войны. Современные дети должны знать об этом. Так же, как и о том, что мир держится на доброте, любви и самопожертвовании. Для среднего школьного возраста.
|
| 606 |
1 |
|
|a Русская литература современная
|9 50316
|
| 610 |
1 |
|
|a художественная литература
|
| 610 |
1 |
|
|a советская литература
|
| 610 |
1 |
|
|a повести
|
| 610 |
1 |
|
|a беспризорники
|
| 610 |
1 |
|
|a детские дома
|
| 675 |
|
|
|a Р2
|v 4
|
| 700 |
|
1 |
|a Приставкин
|b А. И.
|c русский писатель
|f 1931-2008
|g Анатолий Игнатьевич
|9 5357
|
| 702 |
|
1 |
|4 440
|a Николаев
|b Ю.
|
| 801 |
|
0 |
|a RU
|b 63413507
|c 20240305
|
| 942 |
|
|
|c BK
|